[Event "AUTO-ADV-4298"]
[Site "http://www.queenalice.com/game.php?id=1608690"]
[Date "2020.4.21"]
[Round "2"]
[White "equus"]
[Black "SubRoger"]
[Result "0-1"]
[WhiteElo "1869"]
[BlackElo "2098"]

1. d4 d5 2. c4 c6 3. Nf3 Nf6 4. Bf4 g6 5. cxd5 cxd5 6. e3 Bg7 7. Be2 O-O 8. O-O
Nbd7 9. Nc3 Nb6 10. b3 Nh5 11. Ne5 Nxf4 12. exf4 a6 13. Re1 Bf5 14. Bd3 Bxd3 15.
Qxd3 e6 16. Re3 Rc8 17. Rh3 Nd7 18. Rc1 Nf6 19. f3 Nh5 20. Qe3 Bh6 21. g3 Bg7
22. Ne2 Rxc1+ 23. Qxc1 Qc8 24. Qb2 Qc7 25. Qc1 Rc8 26. Qxc7 Rxc7 27. g4 Nf6 28.
Rg3 Rc2 29. Kf2 Rxa2 30. Rg1 Rb2 31. Rc1 Bf8 32. Nd3 Rxb3 33. Ne5 h6 34. h4 Bd6
35. Kg3 Ne4+ 36. Kg2 Nd2 37. Rc3 Rxc3 38. Nxc3 Bxe5 39. fxe5 b5 40. Kf2 b4 41.
Na4 Nc4 42. Ke2 Kf8 43. Kd3 Ke7 44. f4 Kd7 45. Nc5+ Kc6 46. Nxa6 Kb5 47. Nc5 Na5
48. g5 h5 0-1

[Event "AUTO-ADV-4339"]
[Site "http://www.queenalice.com/game.php?id=1611088"]
[Date "2020.5.6"]
[Round "1"]
[White "Sirius"]
[Black "equus"]
[Result "0-1"]
[WhiteElo "1765"]
[BlackElo "1841"]

1. e4 e5 2. g3 Bc5 3. Qf3 d6 4. Bc4 Qf6 5. Qxf6 Nxf6 6. Nc3 c6 7. Nf3 h6 8. b3
Bh3 9. Ng1 Bg2 10. f3 Bxh1 11. Kf1 Bxg1 12. Kxg1 Bxf3 13. Ba3 c5 14. Nb5 Kd7 15.
Bxf7 Bxe4 16. d3 Bc6 17. Nc3 Ke7 18. Bg6 Nbd7 19. Re1 Kd8 20. b4 b6 21. b5 Bb7
22. Bf5 Kc7 23. Bc1 a6 24. a4 a5 25. h4 Nd5 26. Nxd5+ Bxd5 27. c4 Bb7 28. g4 Bc8
29. Be4 Bb7 30. Rf1 Bxe4 31. dxe4 Raf8 32. Rd1 Rf3 33. Kg2 Rc3 34. g5 Rxc4 35.
Kg3 Rxe4 36. Rf1 Rf8 37. Rxf8 Nxf8 38. gxh6 gxh6 39. Bxh6 Ne6 40. h5 c4 41. Bd2
c3 42. Bxc3 Re3+ 43. Kg4 Rxc3 44. h6 Nf8 45. Kg5 Rh3 0-1

[Event "AUTO-ADV-4339"]
[Site "http://www.queenalice.com/game.php?id=1611089"]
[Date "2020.5.6"]
[Round "1"]
[White "equus"]
[Black "Sirius"]
[Result "0-1"]
[WhiteElo "1862"]
[BlackElo "1731"]

1. d4 d5 2. Bf4 Nc6 3. e3 a6 4. c3 Nf6 5. Bd3 h5 6. f3 b5 7. b4 Nh7 8. Nd2 g6 9.
Nb3 Bg7 10. h4 O-O 11. a4 Bb7 12. Nc5 Rb8 13. axb5 axb5 14. Bxb5 e5 15. Bh2
Qxh4+ 16. g3 Qe7 17. Ne2 exd4 18. cxd4 Qxe3 19. Rf1 Nxd4 20. Bg1 Nxf3+ 21. Rxf3
Bc3+ 22. Kf1 Qxf3+ 23. Bf2 Bxa1 24. Qxa1 Ra8 25. Qb2 d4 26. Nxb7 Qxb7 27. Nxd4
Qh1+ 28. Ke2 Rfe8+ 29. Bxe8 Rxe8+ 30. Kd3 Qe4+ 31. Kc4 Rd8 32. Qc2 Qd5+ 33. Kc3
c5 0-1

[Event "AUTO-ADV-4339"]
[Site "http://www.queenalice.com/game.php?id=1611102"]
[Date "2020.5.6"]
[Round "1"]
[White "oevidalr"]
[Black "equus"]
[Result "1-0"]
[WhiteElo "1822"]
[BlackElo "1852"]

1. e4 e5 2. Nf3 Nc6 3. Nc3 Bc5 4. d3 h6 5. Be2 Nd4 6. Nxe5 Nxe2 7. Qxe2 Qf6 8.
Nf3 c6 9. O-O d6 10. h3 Ne7 11. Re1 O-O 12. e5 Qe6 13. d4 Bb4 14. Bd2 Bxc3 15.
bxc3 d5 16. Nh4 Ng6 17. Nxg6 Qxg6 18. Qf3 Bd7 19. Rac1 Rae8 20. Qg3 Qxg3 21.
fxg3 Bf5 22. Rf1 Be4 23. Rb1 b6 24. Rb2 Re6 25. g4 f6 26. exf6 Rexf6 27. Rxf6
Rxf6 28. g5 hxg5 29. Bxg5 Rf2 30. Kxf2 1-0

[Event "AUTO-ADV-4339"]
[Site "http://www.queenalice.com/game.php?id=1611103"]
[Date "2020.5.6"]
[Round "1"]
[White "equus"]
[Black "oevidalr"]
[Result "1/2-1/2"]
[WhiteElo "1854"]
[BlackElo "1801"]

1. d4 d5 2. c4 c6 3. e3 Nf6 4. Nc3 Bg4 5. Be2 Bf5 6. h3 e6 7. Nf3 Bb4 8. Bd2 O-O
9. O-O Bxc3 10. Bxc3 Qc7 11. Bd3 Bxd3 12. Qxd3 h6 13. a3 Nbd7 14. c5 Ne4 15. Nd2
Nxc3 16. Qxc3 Rab8 17. b4 Rfe8 18. Rfe1 Nf6 19. e4 Qf4 20. e5 Ne4 21. Nxe4 dxe4
22. Qe3 Qxe3 23. Rxe3 f5 24. f3 exf3 25. Rxf3 Rbd8 26. Rd1 Kh7 27. Kf2 a6
1/2-1/2

[Event "AUTO-ADV-4339"]
[Site "http://www.queenalice.com/game.php?id=1611110"]
[Date "2020.5.6"]
[Round "1"]
[White "bishoprknight"]
[Black "equus"]
[Result "1-0"]
[WhiteElo "1744"]
[BlackElo "1805"]

1. e4 e5 2. Nf3 d6 3. d4 exd4 4. Nxd4 Nf6 5. Nc3 Bd7 6. Bc4 Nc6 7. Be3 Ng4 8.
Qf3 Nce5 9. Qe2 Nxe3 10. fxe3 Nxc4 11. Qxc4 c6 12. O-O f6 13. Ne6 1-0

[Event "AUTO-ADV-4339"]
[Site "http://www.queenalice.com/game.php?id=1611111"]
[Date "2020.5.6"]
[Round "1"]
[White "equus"]
[Black "bishoprknight"]
[Result "0-1"]
[WhiteElo "1825"]
[BlackElo "1724"]

1. d4 Nf6 2. c4 e6 3. Nf3 d5 4. Bg5 Be7 5. e3 O-O 6. Bd3 Nc6 7. a3 Bd7 8. O-O h6
9. Bh4 dxc4 10. Bxc4 a6 11. Nc3 b5 12. Bd3 Rb8 0-1

[Event "AUTO-ADV-4309"]
[Site "http://www.queenalice.com/game.php?id=1612782"]
[Date "2020.5.18"]
[Round "2"]
[White "rich"]
[Black "equus"]
[Result "1/2-1/2"]
[WhiteElo "2117"]
[BlackElo "1875"]

1. e4 c5 2. Nf3 e6 3. d4 cxd4 4. Nxd4 a6 5. Nc3 Bb4 6. Bd2 Nc6 7. Nxc6 dxc6 8.
Bd3 Nf6 9. O-O e5 10. a3 Bc5 11. Bg5 Be7 12. Qe2 O-O 13. Rad1 Qc7 14. f3 Qb6+
15. Be3 Bc5 16. Bxc5 Qxc5+ 17. Qf2 Qxf2+ 18. Rxf2 Be6 19. Rfd2 g6 20. g3 Rfd8
21. Kg2 Rd7 22. Bf1 Rad8 23. Rxd7 Bxd7 24. Bc4 Kf8 25. Kf2 b5 26. Ba2 Ke7 27. g4
g5 28. Ne2 h5 29. h3 h4 30. c4 Be6 31. Rxd8 Kxd8 32. b3 Kc7 33. cxb5 axb5 34.
Nc3 Nd7 35. Ke3 Kb6 36. b4 c5 37. bxc5+ Kxc5 38. Bxe6 fxe6 39. Kd3 Nb6 40. Nb1
1/2-1/2

[Event "AUTO-ADV-4309"]
[Site "http://www.queenalice.com/game.php?id=1612783"]
[Date "2020.5.18"]
[Round "2"]
[White "equus"]
[Black "rich"]
[Result "0-1"]
[WhiteElo "1787"]
[BlackElo "2085"]

1. c4 e5 2. Nf3 Nc6 3. Nc3 Nf6 4. e3 Bb4 5. Qc2 Bxc3 6. Qxc3 Qe7 7. d3 d5 8. b3
O-O 9. a4 d4 10. Qd2 Bg4 11. Ba3 Qd7 12. Bxf8 Rxf8 13. Be2 Qd6 14. O-O Rd8 15.
e4 Nb4 16. Rfc1 c5 17. h3 Be6 18. Qg5 Nc6 19. Nh2 h6 20. Qh4 Ne7 21. Qg3 Ng6 22.
Re1 Nf4 23. Bg4 Nxg4 24. hxg4 Qb6 25. Rab1 Qb4 26. Kf1 a6 27. Red1 b5 28. axb5
axb5 29. f3 bxc4 30. bxc4 Qa3 31. Qf2 Nxd3 32. Qd2 Bxc4 33. Kg1 Nf4 34. g3 Nh3+
35. Kg2 Ng5 36. Qb2 Ra8 37. Qxa3 Rxa3 38. Re1 Ra2+ 39. Kh1 Be2 40. Ra1 Rxa1 41.
Rxa1 Nxf3 0-1

[Event "AUTO-ADV-4309"]
[Site "http://www.queenalice.com/game.php?id=1612784"]
[Date "2020.5.18"]
[Round "2"]
[White "marcoswerneck"]
[Black "equus"]
[Result "0-1"]
[WhiteElo "1767"]
[BlackElo "1863"]

1. e4 c5 2. d3 Nc6 3. Nf3 g6 4. h3 Bg7 5. c3 d6 6. Be3 b5 7. Be2 a5 8. Nbd2 e5
9. O-O Bh6 10. Bxh6 Nxh6 11. a3 a4 12. b3 Be6 13. c4 bxc4 14. dxc4 Qa5 15. bxa4
Qxa4 16. Qc1 O-O 17. Nb1 Kg7 18. Nfd2 Nd4 19. Nc3 Qa6 20. a4 Ng8 21. Nf3 Nb3 22.
Qd1 Nxa1 23. Qxa1 Bxc4 24. Bxc4 Qxc4 25. Nd5 Qxa4 26. Qxa4 Rxa4 27. Re1 Ra7 28.
Ne3 Nf6 29. Nc4 Rd8 30. Rd1 Nxe4 31. Nfxe5 Ra6 32. Nf3 d5 33. Ne3 Nc3 34. Rd2
Ra2 35. Rxa2 Nxa2 36. Kf1 Nc3 37. Ke1 Re8 38. Kf1 Ra8 39. g3 f6 40. Kg2 Ra4 41.
Nd2 c4 42. Nf3 h5 43. h4 Kf7 44. Nd4 Ke7 45. Nec2 Kd6 46. Kh3 Ra2 47. f3 Ne2 48.
Nb5+ Kc5 49. Nba3 Nd4 50. Nxd4 Kxd4 51. Nb5+ Kd3 52. g4 c3 0-1

[Event "AUTO-ADV-4309"]
[Site "http://www.queenalice.com/game.php?id=1612785"]
[Date "2020.5.18"]
[Round "2"]
[White "equus"]
[Black "marcoswerneck"]
[Result "1-0"]
[WhiteElo "1835"]
[BlackElo "1782"]

1. c4 e5 2. Nf3 d6 3. Nc3 h6 4. e4 a6 5. b3 Nc6 6. h3 Nf6 7. a4 Be6 8. d3 Be7 9.
Be2 Qd7 10. Bd2 Nd4 11. Be3 Nxf3+ 12. Bxf3 g5 13. Qd2 O-O-O 14. Ke2 Kb8 15. a5
Qe8 16. b4 Qg8 17. g4 Nd7 18. b5 Nc5 19. Rhb1 Ka8 20. Nd5 Bxd5 21. cxd5 f6 22.
Bxc5 dxc5 23. b6 cxb6 24. Rxb6 Rb8 25. Rab1 Qc8 26. Kf1 c4 27. Rc1 Qc5 28. Bd1
Bd8 29. Re6 Bxa5 30. Qc2 b5 31. Rxf6 Bd8 32. Rxa6+ Kb7 33. Rca1 Bb6 34. dxc4
Rhf8 35. R6a2 Rf7 36. Rb1 Rf4 37. Rxb5 Rxf2+ 38. Qxf2 Qxc4+ 39. Be2 Qc1+ 40. Kg2
Kc7 41. Qf7+ Kc8 42. Qe6+ Kd8 43. Qd6+ 1-0